| 000 | 00718nam a22001217a 4500 | ||
|---|---|---|---|
| 040 | _cRUA | ||
| 100 | _aSOK KIMHENG,សុខ គឹមហេង | ||
| 245 | _aEFFECTIVENESS OF DIFFERENT SEED RATES AND WEED CONTROL ON PHKA RUMDUOL GRAIN YIELD,ប្រសិទ្ធភាពនៃបរិមាណគ្រាប់ពូជស្រូវដាំដុះកម្រិតផ្សេងៗគ្នានិងការកម្ចាត់ស្មៅលើទិន្នផលស្រូវផ្ការំដួល | ||
| 260 |
_aPHMOM PENH _bRUA _c2019 |
||
| 300 |
_aill, _bxii,45p, _c29cm, |
||
| 856 | _uhttps://drive.google.com/file/d/1lxjfNtS6jYlvpnrZvk0dtSgv6Q-sJPlj/view?usp=sharing | ||
| 942 | _cAGE | ||
| 999 |
_c20237 _d20237 |
||